The money value of education, (Record no. 20134)

MARC details
000 -LEADER
fixed length control field 00956cam a22002411 4500
001 - CONTROL NUMBER
control field e 17001189
003 - CONTROL NUMBER IDENTIFIER
control field DLC
005 - DATE AND TIME OF LATEST TRANSACTION
control field 20260227111208.0
008 - FIXED-LENGTH DATA ELEMENTS--GENERAL INFORMATION
fixed length control field 790412s1917 dcua 000 0 eng c
010 ## - LIBRARY OF CONGRESS CONTROL NUMBER
LC control number e 17001189
035 ## - SYSTEM CONTROL NUMBER
System control number (OCoLC)4848791
040 ## - CATALOGING SOURCE
Original cataloging agency Library, U.S. Bur. of Education
Transcribing agency OCl
Modifying agency OCoLC
-- DLC
050 00 - LIBRARY OF CONGRESS CALL NUMBER
Classification number L111
Item number .A6 1917, no. 22
051 ## - LIBRARY OF CONGRESS COPY, ISSUE, OFFPRINT STATEMENT
Classification number LB41
Item number .E4
100 1# - MAIN ENTRY--PERSONAL NAME
Personal name Ellis, A. Caswell
Fuller form of name (Alexander Caswell),
Dates associated with a name 1871-1948.
245 14 - TITLE STATEMENT
Title The money value of education,
Statement of responsibility, etc. by A. Caswell Ellis.
260 ## - PUBLICATION, DISTRIBUTION, ETC.
Place of publication, distribution, etc. Washington,
Name of publisher, distributor, etc. Govt. print. off.,
Date of publication, distribution, etc. 1917.
300 ## - PHYSICAL DESCRIPTION
Extent 2 p. l., 3-52 p.
Other physical details illus.
Dimensions 23 cm.
490 0# - SERIES STATEMENT
Series statement [U.S.] Bureau of education. Bulletin, 1917,
Volume/sequential designation no. 22
500 ## - GENERAL NOTE
General note At head of title: Department of the interior.
501 ## - WITH NOTE
With note L111.A6 with: Studies in higher education in England and Scotland / George Edwin MacLean. Washington : Govt. Print. Off., 1917. Bound together subsequent to publication.
Institution to which field applies DLC
650 #0 - SUBJECT ADDED ENTRY--TOPICAL TERM
Topical term or geographic name entry element Education.

No items available.

Powered by Koha